000 00341 a2200145 4500
001 176761
020 _a
040 _cMagnum
100 _aMurad, Jose Elias
240 1 0 _aMaconha: a toxicidade silenciosa
_lpor
245 1 0 _aMaconha: a toxicidade silenciosa
362 0 _a1899
697 _aMAGNITO: CIENCIAS MEDICAS SAUD
942 _cBK
999 _c176761
_d176761